Gaming Quiz

Random Gaming or Pokémon Quiz

Pokemon Go: Tough Catches Quiz Stats

 Plays Quiz not verified by Sporcle

Challenge
Share
Tweet
Embed
Score 0/50 Timer 05:00
0 Plays Today
Base Catch Rate Pokemon % Correct
5%Charizard
85.6%
5%Venusaur
83.8%
5%Dragonite
83.8%
5%Blastoise
81.1%
5%Tyranitar
74.8%
12%Alakazam
67.6%
5%Meganium
63.1%
5%Typhlosion
63.1%
5%Feraligatr
60.4%
10%Raichu
58.6%
10%Gengar
58.6%
10%Dragonair
57.7%
10%Gyarados
55.9%
12%Machamp
54.1%
5%Blissey
53.2%
12%Golem
51.4%
10%Ivysaur
49.5%
12%Victreebel
48.6%
10%Charmeleon
47.7%
12%Pidgeot
46.8%
12%Poliwrath
45.9%
15%Vileplume
45.9%
10%Wartortle
45%
10%Pupitar
44.1%
12%Nidoking
42.3%
Base Catch Rate Pokemon % Correct
12%Ampharos
42.3%
5%Scizor
41.4%
12%Nidoqueen
41.4%
10%Steelix
40.5%
12%Butterfree
40.5%
10%Politoed
39.6%
10%Kingdra
39.6%
12%Beedrill
38.7%
10%Crobat
37.8%
10%Slowking
37.8%
10%Arcanine
36%
12%Bayleef
35.1%
12%Quilava
35.1%
12%Croconaw
35.1%
12%Donphan
32.4%
5%Bellossom
31.5%
5%Porygon2
30.6%
10%Clefable
30.6%
10%Ninetales
28.8%
10%Hitmontop
27.9%
12%Jumpluff
24.3%
10%Sunflora
19.8%
12%Sudowoodo
16.2%
12%Piloswine
16.2%
12%Magcargo
15.3%

You're not logged in!

Compare scores with friends on all Sporcle quizzes.
OR
Log In

You Might Also Like...

Show Comments

Extras

Top Quizzes Today


Score Distribution

Your Account Isn't Verified!

In order to create a playlist on Sporcle, you need to verify the email address you used during registration. Go to your Sporcle Settings to finish the process.

Report this User

Report this user for behavior that violates our Community Guidelines.

Details: